How to pay off your house loan in five years or less /

Bibliographic Details
Main Author: Azizi Ali, 1962-
Format: Book
Published: Selangor: True Wealth Sdn Bhd, 2007.
Subjects:
LEADER 00564cam a2200193 7i4500
001 0000020279
005 20151104090000.0
005 ##20151104123100.0
003 ##MY-KlINT
020 # # |a 9789833364411  
039 # 9 |y 201511041231  |z VLOAD 
090 0 0 |a 332.1753   |b AZI 
100 1 # |a Azizi Ali,   |d 1962- 
245 1 0 |a How to pay off your house loan in five years or less /   |c Azizi Ali. 
260 # # |a Selangor:   |b True Wealth Sdn Bhd,   |c 2007. 
300 # # |a 40p.;   |c 21cm. 
650 # 0 |a Consumer credit --   |x Management  
650 # 0 |a Bank loans --   |x Management  
650 # 0 |a Home equity loans